| 000 | 01106nam a2200241 4500 | ||
|---|---|---|---|
| 005 | 20251003141018.0 | ||
| 020 |
_a9780421948402 _cTZS 96021.84 |
||
| 040 |
_aMCCL _beng. _eAACR 2nd. rev. ed. |
||
| 082 | _a346.02 PEE | ||
| 100 | _aPeel, Edwin | ||
| 245 |
_aTreitel on the law of contract _c/ Edwin Peel |
||
| 250 | _a12th ed. | ||
| 260 |
_aLondon: _bSweet & Maxwell, _c ©2007 |
||
| 300 |
_acxcviii, 1210 p. : _c24 cm. |
||
| 505 | _aIntroduction; Agreement; Consideration; Contractual Intention; Form; The Contents of a Contract; Standard Form Contracts; Mistake; Misrepresentation; Duress and Undue Influence; Illegality; Statutory Invalidity; Capacity; Plurality of Parties; Third Parties; Assignment; Agency; Performance; Breach; Frustration; Remedies | ||
| 520 | _aNow in its 12th edition, this book explains and analyses the law of contract, and provides a detailed and clear examination of many areas of controversy and difficulty | ||
| 546 | _aeng. | ||
| 650 | _aContracts | ||
| 650 | _a Contracts Great Britain | ||
| 650 | _aBreach of contract | ||
| 700 | _aPeel, Edwin | ||
| 942 | _cBK | ||
| 999 |
_c11748 _d11748 |
||